Polacy na uchodźstwie 2019 - Statystyki

Ogólne statystyki
  • Ten quiz został rozwiązany 996 razy
    398 od ostatniego zresetowania
  • Średni wynik to 12 z 15
Statystyki odpowiedzi
Hint Odpowiedź % Poprawnych
2 000 000 Niemcy
99%
10 600 000 Stany Zjednoczone
99%
500 000 Wielka Brytania
96%
300 000 Rosja
95%
1 050 000 Francja
93%
900 000 Ukraina
90%
900 000 Kanada
89%
1 800 000 Brazylia
83%
100 000 Czechy
83%
100 000 Szwecja
83%
300 000 Litwa
79%
1 000 000 Białoruś
76%
450 000 Argentyna
75%
200 000 Australia
73%
100 000 Kazachstan
36%
Nie znaleziono quizów pasujących do podanych kryteriów
Rozkład punktacji
Procent ludzi z każdym wynikiem
Percentyl według liczby udzielonych odpowiedzi
Twoja historia wyników
Nie rozwiązałeś tego quizu od ostatniego zresetowania